000 00636nam a2200217Ia 4500
005 20260429112300.0
008 260429s9999||||xx |||||||||||||| ||und||
020 _a9783111160344
041 _aEnglish
082 _a541.37
_bJAC
100 _aJackowska, Krystyna
245 0 _aApplied electrochemistry :
_baspects in material and environmental science /
_cKrystyna Jackowska
250 _a2nd ed.
260 _aBerlin :
_bDe Gruyter,
_c2024.
300 _axiv, 390 p.; pbk
650 _a Environmental chemistry
650 _a Materials science
650 _aElectrochemistry
700 _a Krysiński, Paweł
942 _cTB
999 _c53291
_d53291